<?xml version="1.0" encoding="UTF-8"?><?xml-stylesheet type="text/xsl" href="static/style.xsl"?><OAI-PMH xmlns="http://www.openarchives.org/OAI/2.0/" xmlns:xsi="http://www.w3.org/2001/XMLSchema-instance" xsi:schemaLocation="http://www.openarchives.org/OAI/2.0/ http://www.openarchives.org/OAI/2.0/OAI-PMH.xsd"><responseDate>2026-04-14T18:26:27Z</responseDate><request verb="GetRecord" identifier="oai:uvadoc.uva.es:10324/62873" metadataPrefix="marc">https://uvadoc.uva.es/oai/request</request><GetRecord><record><header><identifier>oai:uvadoc.uva.es:10324/62873</identifier><datestamp>2025-03-26T19:45:19Z</datestamp><setSpec>com_10324_5262</setSpec><setSpec>com_10324_5186</setSpec><setSpec>com_10324_29291</setSpec><setSpec>col_10324_62871</setSpec></header><metadata><record xmlns="http://www.loc.gov/MARC21/slim" xmlns:doc="http://www.lyncode.com/xoai" xmlns:xsi="http://www.w3.org/2001/XMLSchema-instance" xmlns:dcterms="http://purl.org/dc/terms/" xsi:schemaLocation="http://www.loc.gov/MARC21/slim http://www.loc.gov/standards/marcxml/schema/MARC21slim.xsd">
<leader>00925njm 22002777a 4500</leader>
<datafield tag="042" ind1=" " ind2=" ">
<subfield code="a">dc</subfield>
</datafield>
<datafield tag="720" ind1=" " ind2=" ">
<subfield code="a">García Medina, Javier</subfield>
<subfield code="e">author</subfield>
</datafield>
<datafield tag="720" ind1=" " ind2=" ">
<subfield code="a">Domínguez Luelmo, Andrés Augusto</subfield>
<subfield code="e">author</subfield>
</datafield>
<datafield tag="260" ind1=" " ind2=" ">
<subfield code="c">2023</subfield>
</datafield>
<datafield tag="520" ind1=" " ind2=" ">
<subfield code="a">Se ofrece una presentación del Monográfico titulado: los derechos fundamentales en el s.XXI por el Decano de la facultad de Derecho de la Universidad de Valladolid y presidente de la AFDL, D. Javier García Medina; y, el prof. Catedrático de Derecho Civil y vicepresidente de la AFDL, D. Andrés Domínguez Luelmo. </subfield>
</datafield>
<datafield tag="024" ind2=" " ind1="8">
<subfield code="a">Revista de Estudios Europeos; Núm. Extraordinario monográfico 2 (2023): Los derechos fundamentales en el siglo XXI pags. 01-02</subfield>
</datafield>
<datafield tag="024" ind2=" " ind1="8">
<subfield code="a">2530-9854</subfield>
</datafield>
<datafield tag="024" ind2=" " ind1="8">
<subfield code="a">https://uvadoc.uva.es/handle/10324/62873</subfield>
</datafield>
<datafield tag="024" ind2=" " ind1="8">
<subfield code="a">10.24197/ree.Extraordinario monográfico 2.2023.01-02</subfield>
</datafield>
<datafield tag="024" ind2=" " ind1="8">
<subfield code="a">01</subfield>
</datafield>
<datafield tag="024" ind2=" " ind1="8">
<subfield code="a">Extraordinario monográfico 2</subfield>
</datafield>
<datafield tag="024" ind2=" " ind1="8">
<subfield code="a">02</subfield>
</datafield>
<datafield tag="245" ind1="0" ind2="0">
<subfield code="a">Presentación monográfico: los derechos fundamentales en el s.XXI</subfield>
</datafield>
</record></metadata></record></GetRecord></OAI-PMH>